Music Quiz

Random Music or Kpop Quiz

Guess my kpop biases Quiz Stats

 Plays Quiz not verified by Sporcle

Score 0/12 Timer 03:00
0 Plays Today
% Correct
???
55.5%
???
47%
???
44.9%
???
43.3%
???
42.7%
???
34%
???
31.2%
???
29%
???
27.4%
???
26.8%
???
20.9%
???
7.5%

You're not logged in!

Compare scores with friends on all Sporcle quizzes.
OR
Log In

Sporcle TV

Today on Sporcle TV


Watch our educational content, quiz creation guides, and fun videos on Sporcle TV.

Show Comments

Extras

Created Jul 30, 2016ReportNominate
Tags:Kpop Quiz, BTS, Exo, Got7, Monsta X, seventeen

Top Quizzes Today


Score Distribution

Your Account Isn't Verified!

In order to create a playlist on Sporcle, you need to verify the email address you used during registration. Go to your Sporcle Settings to finish the process.

Report this User

Report this user for behavior that violates our Community Guidelines.

Details: